| 000 | 00789nam a2200277Ia 4500 | ||
|---|---|---|---|
| 003 | OSt | ||
| 005 | 20240416153405.0 | ||
| 008 | 210210b2011 xxu||||| |||| 00| 0 eng d | ||
| 020 | _a9789380417400 | ||
| 040 | _cAL | ||
| 041 | _aHindi | ||
| 082 | _aH891.109 SUDA | ||
| 100 |
_aSUDHA (K) _d सुधा (के) _9160784 |
||
| 245 |
_aAdhunik hindi kavita mein dalit nari _b आधुनिक हिंदी कवितामें दलित नारी |
||
| 260 |
_aKhanpur _bAman Prakashan _c2011 |
||
| 300 | _a103 | ||
| 650 |
_anarI _9160785 |
||
| 650 |
_amein _9160786 |
||
| 650 |
_akavitA _9160787 |
||
| 650 |
_ahindI _9160788 |
||
| 650 |
_adalit _9160789 |
||
| 650 |
_aAdhunik _9160790 |
||
| 690 |
_aHindi Criticism _9160791 |
||
| 906 | _a065645 | ||
| 942 |
_2ddc _cBK |
||
| 999 |
_c146808 _d146808 |
||